[Event "Guelph Futurity"]
[Site "Guelph CAN"]
[Date "2005.07.25"]
[Round "1"]
[White "Ganguly, Surya Shekhar"]
[Black "Panjwani, Raja"]
[Result "1-0"]
[WhiteElo "2566"]
[BlackElo "2222"]
[PlyCount "85"]
[EventDate "2005.08.07"]
[EventType "schev"]
[EventRounds "10"]
[EventCountry "CAN"]

1. e4 c5 2. Nf3 Nc6 3. d4 cxd4 4. Nxd4 Nf6 5. Nc3 d6 6. Bg5 a6 7. Qd2 h6 8.
Bxf6 gxf6 9. O-O-O e6 10. f4 Bd7 11. Be2 h5 12. Kb1 Qb6 13. Nxc6 Bxc6 14. Bf3
O-O-O 15. Qe2 f5 16. exf5 Bg7 17. Rd3 Bb5 18. Nxb5 Qxb5 19. Rb3 Qxe2 20. Bxe2
d5 21. Rh3 h4 22. fxe6 fxe6 23. Bg4 Rh6 24. Re1 Rd6 25. Rhe3 Kd7 26. f5 exf5
27. Re7+ Kc6 28. Rxg7 fxg4 29. Rxg4 h3 30. b3 Rdf6 31. Re7 Rf1+ 32. Kb2 Rf2 33.
gxh3 Rxh2 34. Rgg7 d4 35. Rc7+ Kd5 36. Rgd7+ Ke5 37. Rc5+ Ke6 38. Rxb7 R6xh3
39. Rb6+ Kd7 40. Rxa6 d3 41. Ra4 Rg2 42. Rd4+ Ke6 43. Rc3 1-0

[Event "Guelph Futurity"]
[Site "Guelph CAN"]
[Date "2005.07.25"]
[Round "2"]
[White "Panjwani, Raja"]
[Black "MacPhail, John"]
[Result "1-0"]
[WhiteElo "2222"]
[BlackElo "2305"]
[PlyCount "51"]
[EventDate "2005.08.07"]
[EventType "schev"]
[EventRounds "10"]
[EventCountry "CAN"]

1. e4 c5 2. Nf3 d6 3. d4 cxd4 4. Nxd4 Nf6 5. Nc3 a6 6. Be2 e6 7. f4 Qc7 8. Bf3
Be7 9. Be3 Nbd7 10. g4 Nb6 11. Qe2 Nc4 12. O-O-O Rb8 13. g5 Nxe3 14. Qxe3 Nd7
15. Nf5 exf5 16. exf5 Qc5 17. Qe4 Kd8 18. Rhe1 Re8 19. Nd5 Ne5 20. f6 gxf6 21.
gxf6 Bf8 22. b4 Qf2 23. Ne7 Nxf3 24. Rxd6+ Kc7 25. Rc6+ bxc6 26. Qxc6+ 1-0

[Event "Guelph Futurity"]
[Site "Guelph CAN"]
[Date "2005.07.25"]
[Round "4"]
[White "Panjwani, Raja"]
[Black "Burnett, Ronald"]
[Result "0-1"]
[WhiteElo "2222"]
[BlackElo "2473"]
[PlyCount "58"]
[EventDate "2005.08.07"]
[EventType "schev"]
[EventRounds "10"]
[EventCountry "CAN"]

1. e4 g6 2. d4 c6 3. Nc3 Bg7 4. Be3 d6 5. Qd2 b5 6. Bd3 Nd7 7. Nf3 Qc7 8. O-O
Ngf6 9. a4 b4 10. Ne2 a5 11. Bh6 O-O 12. Ng3 c5 13. c3 c4 14. Bb1 Rb8 15. Nh4
e5 16. Ngf5 Bxh6 17. Qxh6 gxf5 18. Nxf5 Ne8 19. f4 Ndf6 20. fxe5 dxe5 21. Rf3
Bxf5 22. Rxf5 Qd6 23. Rxe5 Kh8 24. Qh4 Rg8 25. Rg5 Rxg5 26. Qxg5 bxc3 27. bxc3
Qa3 28. Qf4 Qxa1 29. Qxb8 Qxc3 0-1

[Event "Guelph Futurity"]
[Site "Guelph CAN"]
[Date "2005.07.25"]
[Round "5"]
[White "Kunte, Abhijit"]
[Black "Panjwani, Raja"]
[Result "1-0"]
[WhiteElo "2535"]
[BlackElo "2222"]
[PlyCount "61"]
[EventDate "2005.08.07"]
[EventType "schev"]
[EventRounds "10"]
[EventCountry "CAN"]

1. d4 Nf6 2. Nf3 g6 3. Bg5 Bg7 4. c3 O-O 5. Nbd2 d6 6. e4 Nbd7 7. Bc4 c6 8. Bb3
h6 9. Bh4 Nh5 10. O-O Nf4 11. Re1 g5 12. Nxg5 hxg5 13. Bxg5 Ne6 14. Bh4 Bh6 15.
Nc4 Nf6 16. e5 dxe5 17. Nxe5 Bg5 18. Bxg5 Nxg5 19. Re3 Bf5 20. Rg3 Nfe4 21. Re3
Nf6 22. h4 Nge4 23. g4 Bh7 24. g5 Nd5 25. g6 Nxe3 26. Qh5 Nf6 27. gxf7+ Kh8 28.
Qh6 Rg8+ 29. fxg8=Q+ Qxg8+ 30. Bxg8 Rxg8+ 31. Kh1 1-0

[Event "Guelph Futurity"]
[Site "Guelph CAN"]
[Date "2005.07.25"]
[Round "6"]
[White "Panjwani, Raja"]
[Black "Ganguly, Surya Shekhar"]
[Result "0-1"]
[WhiteElo "2222"]
[BlackElo "2566"]
[PlyCount "62"]
[EventDate "2005.08.07"]
[EventType "schev"]
[EventRounds "10"]
[EventCountry "CAN"]

1. e4 e5 2. Nf3 Nc6 3. d4 exd4 4. Bc4 Nf6 5. O-O Nxe4 6. Re1 d5 7. Bxd5 Qxd5 8.
Nc3 Qa5 9. Nxe4 Be6 10. Neg5 O-O-O 11. Nxe6 fxe6 12. Rxe6 Bd6 13. Bg5 Rde8 14.
Qe1 Qxe1+ 15. Raxe1 Rxe6 16. Rxe6 Rf8 17. Re4 Rf5 18. Re2 Rb5 19. Bc1 Kd7 20.
a3 Rd5 21. Rd2 Bf4 22. Rd1 Bxc1 23. Rxc1 Na5 24. Ne1 c5 25. c4 Nb3 26. Rc2 Re5
27. Nd3 Re8 28. Kf1 b5 29. cxb5 c4 30. Nc5+ Nxc5 31. Rxc4 Nb3 0-1

[Event "Guelph Futurity"]
[Site "Guelph CAN"]
[Date "2005.07.25"]
[Round "7"]
[White "MacPhail, John"]
[Black "Panjwani, Raja"]
[Result "0-1"]
[WhiteElo "2305"]
[BlackElo "2222"]
[PlyCount "138"]
[EventDate "2005.08.07"]
[EventType "schev"]
[EventRounds "10"]
[EventCountry "CAN"]

1. e4 e5 2. Nf3 Nc6 3. Bb5 a6 4. Bxc6 dxc6 5. O-O Qf6 6. d3 Bg4 7. Nbd2 Ne7 8.
h3 h5 9. Re1 Ng6 10. Nf1 Bxf3 11. Qxf3 Qxf3 12. gxf3 Nh4 13. Nh2 g5 14. Kf1 f6
15. Ke2 O-O-O 16. Rh1 Kd7 17. Be3 Ke6 18. Rad1 c5 19. Nf1 c4 20. Ng3 cxd3+ 21.
Rxd3 Rxd3 22. cxd3 Bd6 23. Rc1 c6 24. Rc3 Rh7 25. Rc1 c5 26. Rc3 b6 27. Rc1 Kd7
28. Rc3 a5 29. Rb3 Kc6 30. a4 Bc7 31. Rc3 Kd6 32. Nf1 Bd8 33. Ng3 Ke6 34. Rc4
Bc7 35. Rc1 Bd6 36. Rc4 Ng6 37. Nf5 h4 38. Rc3 Bf8 39. Rb3 Rb7 40. Kd2 Kd7 41.
Kc3 Kc6 42. Kc4 Nh8 43. Bd2 Rd7 44. Ra3 Nf7 45. Ra1 Nd8 46. Rc1 Ne6 47. Be3 Nd8
48. Ra1 Nf7 49. Bd2 Bh6 50. Kc3 Bf8 51. Ne3 Nd8 52. Nc4 Ne6 53. Be3 Bg7 54. Ra3
Nd8 55. Rb3 Rb7 56. Rb5 Ne6 57. Kd2 Bf8 58. Ke1 Be7 59. Na3 Rd7 60. Rb3 Bd8 61.
Rc3 Rd4 62. Bxd4 exd4 63. Rc1 Nf4 64. Kd2 Nxh3 65. Rh1 Nf4 66. Nc4 Bc7 67. Kc2
Ng2 68. Nd2 Bf4 69. Nf1 Ne1+ 0-1

[Event "Guelph Futurity"]
[Site "Guelph CAN"]
[Date "2005.07.25"]
[Round "9"]
[White "Burnett, Ronald"]
[Black "Panjwani, Raja"]
[Result "1/2-1/2"]
[WhiteElo "2473"]
[BlackElo "2222"]
[PlyCount "42"]
[EventDate "2005.08.07"]
[EventType "schev"]
[EventRounds "10"]
[EventCountry "CAN"]

1. e4 e5 2. Nf3 Nc6 3. Bb5 a6 4. Ba4 Nf6 5. O-O Be7 6. Re1 b5 7. Bb3 d6 8. a4
Bg4 9. c3 O-O 10. d3 Na5 11. Bc2 b4 12. Nbd2 c5 13. cxb4 cxb4 14. h3 Be6 15. d4
Qc7 16. d5 Bd7 17. Bd3 Rfc8 18. Qe2 Qb7 19. b3 Nh5 20. Qd1 Rc3 21. Bf1 Rac8
1/2-1/2

[Event "Guelph Futurity"]
[Site "Guelph CAN"]
[Date "2005.07.25"]
[Round "10"]
[White "Panjwani, Raja"]
[Black "Kunte, Abhijit"]
[Result "0-1"]
[WhiteElo "2222"]
[BlackElo "2535"]
[PlyCount "39"]
[EventDate "2005.08.07"]
[EventType "schev"]
[EventRounds "10"]
[EventCountry "CAN"]

1. e4 c5 2. Nf3 e6 3. d3 Nc6 4. g3 d5 5. Nbd2 Nf6 6. Bg2 g6 7. O-O Bg7 8. Nh4
dxe4 9. dxe4 e5 10. c3 O-O 11. Nc4 Qxd1 12. Rxd1 Bg4 13. f3 Be6 14. Nd6 Rfd8
15. Bg5 Rd7 16. Rd2 h6 17. Be3 Rad8 18. Rad1 Bf8 19. Bxc5 Ne8 20. Nxe8 0-1

[Event "Guelph int"]
[Site "Guelph CAN"]
[Date "2005.07.28"]
[Round "1"]
[White "Hamilton, Robert"]
[Black "Panjwani, Raja"]
[Result "1-0"]
[WhiteElo "2341"]
[BlackElo "2163"]
[PlyCount "71"]
[EventDate "2005.07.28"]
[EventType "swiss"]
[EventRounds "9"]
[EventCountry "CAN"]

1. d4 Nf6 2. c4 g6 3. Nc3 Bg7 4. g3 O-O 5. Bg2 c6 6. Nf3 d6 7. O-O Qb6 8. b3 e5
9. e3 Bg4 10. h3 Bxf3 11. Bxf3 Nfd7 12. Bb2 f5 13. Bg2 a5 14. d5 c5 15. f4 e4
16. Rf2 Qd8 17. Bf1 Kf7 18. Rg2 Rg8 19. Be2 Nb6 20. Qd2 a4 21. Rb1 axb3 22. a3
Bxc3 23. Bxc3 Rxa3 24. Qb2 Ra7 25. Qxb3 N8d7 26. g4 Qh4 27. g5 Qxh3 28. Be1 Ra2
29. Qxa2 Qxe3+ 30. Rf2 Qg3+ 31. Kh1 h6 32. gxh6 Rh8 33. Rh2 Qxf4 34. h7 e3 35.
Bc3 Ra8 36. h8=Q 1-0

[Event "Guelph int"]
[Site "Guelph CAN"]
[Date "2005.07.28"]
[Round "2"]
[White "Panjwani, Raja"]
[Black "Dougherty, Michael"]
[Result "0-1"]
[WhiteElo "2163"]
[BlackElo "2233"]
[PlyCount "44"]
[EventDate "2005.07.28"]
[EventType "swiss"]
[EventRounds "9"]
[EventCountry "CAN"]

1. e4 c5 2. Nf3 Nc6 3. Bb5 e6 4. O-O Nge7 5. Re1 a6 6. Bxc6 bxc6 7. d3 Ng6 8.
Nbd2 d6 9. Nc4 Be7 10. Bd2 O-O 11. Ba5 Qe8 12. Qd2 e5 13. b4 cxb4 14. Bxb4 c5
15. Bc3 f5 16. exf5 Bxf5 17. Ng5 Nf4 18. Ne4 Qg6 19. Ng3 Be6 20. Rab1 h5 21.
Rb7 Bg5 22. Re3 Nxg2 0-1

[Event "Guelph int"]
[Site "Guelph CAN"]
[Date "2005.07.29"]
[Round "3"]
[White "Panjwani, Raja"]
[Black "Haessel, Dale"]
[Result "0-1"]
[WhiteElo "2163"]
[BlackElo "2226"]
[PlyCount "102"]
[EventDate "2005.07.28"]
[EventType "swiss"]
[EventRounds "9"]
[EventCountry "CAN"]

1. e4 c5 2. Nf3 d6 3. d4 cxd4 4. Nxd4 Nf6 5. f3 e5 6. Nb3 Be6 7. c4 Qc7 8. N3d2
Be7 9. Be2 O-O 10. O-O Nc6 11. Re1 Nd4 12. Nc3 a6 13. a4 Nxe2+ 14. Qxe2 Rac8
15. b3 Nh5 16. Nf1 Qb6+ 17. Qe3 Qxb3 18. Nd2 Qb4 19. Rb1 Qa5 20. Rxb7 Qd8 21.
Nd5 Bg5 22. Qb6 Bxd5 23. exd5 Nf4 24. Ne4 Rxc4 25. Qxd8 Bxd8 26. Bxf4 exf4 27.
Nxd6 Rd4 28. Nf5 Rxd5 29. Ne7+ Bxe7 30. Rexe7 Rd4 31. Re4 Rxe4 32. fxe4 g5 33.
Rb6 Re8 34. Rxa6 Rxe4 35. Kf2 Rb4 36. Ra5 h6 37. Ra6 Kg7 38. a5 h5 39. h3 g4
40. hxg4 hxg4 41. Rb6 Ra4 42. a6 f6 43. Rb7+ Kg6 44. a7 Ra2+ 45. Ke1 Kg5 46.
Kf1 Kh4 47. Ke1 Kg3 48. Rb3+ f3 49. gxf3 gxf3 50. Rb1 Rxa7 51. Kf1 Rh7 0-1

[Event "Guelph int"]
[Site "Guelph CAN"]
[Date "2005.07.30"]
[Round "5"]
[White "Plotkin, Victor"]
[Black "Panjwani, Raja"]
[Result "1-0"]
[WhiteElo "2192"]
[BlackElo "2163"]
[PlyCount "59"]
[EventDate "2005.07.28"]
[EventType "swiss"]
[EventRounds "9"]
[EventCountry "CAN"]

1. e4 c5 2. Nc3 Nc6 3. g3 g6 4. Bg2 Bg7 5. d3 d6 6. f4 Rb8 7. Nf3 b5 8. O-O Nd4
9. Ne2 Bg4 10. Nexd4 Bxd4+ 11. Kh1 h5 12. c3 h4 13. gxh4 Bf6 14. Qe1 Bxf3 15.
Rxf3 Bxh4 16. Qf1 Nf6 17. Bh3 e6 18. Be3 Qc7 19. Rd1 a5 20. Qg1 Qc6 21. Bxe6
fxe6 22. Qxg6+ Kd8 23. Rh3 Rg8 24. Qf7 Rb7 25. Qxe6 Re7 26. Qf5 Ng4 27. Rg1 Bf2
28. Rxg4 Rxg4 29. Qxg4 Rxe4 30. Qf3 1-0

[Event "Guelph int"]
[Site "Guelph CAN"]
[Date "2005.07.30"]
[Round "6"]
[White "Panjwani, Raja"]
[Black "Prilleltensky, Matan"]
[Result "0-1"]
[WhiteElo "2163"]
[BlackElo "2103"]
[PlyCount "50"]
[EventDate "2005.07.28"]
[EventType "swiss"]
[EventRounds "9"]
[EventCountry "CAN"]

1. e4 c5 2. Nf3 e6 3. d4 cxd4 4. Nxd4 Nf6 5. Nc3 d6 6. Be2 a6 7. f4 Be7 8. Be3
Nc6 9. Qd2 O-O 10. O-O-O Nxd4 11. Bxd4 Nd7 12. Bf3 Qc7 13. Qf2 Rb8 14. Qg3 Bf6
15. Bxf6 Nxf6 16. Rd2 b5 17. Rhd1 b4 18. Ne2 Bb7 19. Rd4 Rfc8 20. R1d2 Qa5 21.
Kb1 Bxe4 22. Rxd6 Bxc2+ 23. Rxc2 Rxc2 24. Kxc2 Qc5+ 25. Kb1 Qxd6 0-1

[Event "Guelph int"]
[Site "Guelph CAN"]
[Date "2005.07.31"]
[Round "7"]
[White "Panjwani, Raja"]
[Black "Kret, Ted"]
[Result "1-0"]
[WhiteElo "2163"]
[BlackElo "2151"]
[PlyCount "63"]
[EventDate "2005.07.28"]
[EventType "swiss"]
[EventRounds "9"]
[EventCountry "CAN"]

1. d4 Nf6 2. c4 g6 3. Nc3 Bg7 4. e4 d6 5. f3 O-O 6. Bg5 h6 7. Be3 e5 8. d5 c5
9. Qd2 Na6 10. Be2 Nc7 11. h4 Kh7 12. Nh3 Bxh3 13. Rxh3 Nh5 14. g4 Nf4 15. Bxf4
exf4 16. Qxf4 Be5 17. Qd2 Qe7 18. Bd3 Kg7 19. f4 Bf6 20. g5 hxg5 21. hxg5 Bd4
22. O-O-O Rh8 23. Rh6 Rxh6 24. gxh6+ Kh7 25. e5 dxe5 26. Ne4 exf4 27. Qxf4 Be5
28. Ng5+ Kg8 29. Qg4 Ne8 30. h7+ Kh8 31. Re1 Nf6 32. Rxe5 1-0

[Event "Guelph int"]
[Site "Guelph CAN"]
[Date "2005.07.31"]
[Round "8"]
[White "Patterson, Roger"]
[Black "Panjwani, Raja"]
[Result "1-0"]
[WhiteElo "2179"]
[BlackElo "2163"]
[PlyCount "83"]
[EventDate "2005.07.28"]
[EventType "swiss"]
[EventRounds "9"]
[EventCountry "CAN"]

1. e4 e5 2. Nf3 Nc6 3. Bb5 a6 4. Ba4 Nf6 5. O-O Be7 6. Re1 b5 7. Bb3 d6 8. c3
O-O 9. h3 Na5 10. Bc2 c5 11. d4 Qc7 12. Nbd2 cxd4 13. cxd4 Bb7 14. d5 Rac8 15.
Bd3 Nd7 16. Nf1 f5 17. exf5 Bxd5 18. Ng5 Qb7 19. Nxh7 Bxg2 20. Nxf8 Rxf8 21.
Ne3 Bc6 22. b4 Bf3 23. Be2 Bxe2 24. Qxe2 Nc6 25. Qf3 Nf6 26. Nd5 Rf7 27. Nxe7+
Rxe7 28. Bg5 Nd4 29. Qxb7 Rxb7 30. Bxf6 gxf6 31. Rec1 Kg7 32. Rc8 d5 33. Kf1
Nxf5 34. Rac1 Kg6 35. R1c7 Rb6 36. Rc6 Rxc6 37. Rxc6 Nd4 38. Rxa6 Nc2 39. a4
Nxb4 40. axb5 d4 41. Ke2 Kf5 42. Rd6 1-0

[Event "Guelph int"]
[Site "Guelph CAN"]
[Date "2005.08.01"]
[Round "9"]
[White "Tayar, Jonathan"]
[Black "Panjwani, Raja"]
[Result "1-0"]
[WhiteElo "2160"]
[BlackElo "2163"]
[PlyCount "55"]
[EventDate "2005.07.28"]
[EventType "swiss"]
[EventRounds "9"]
[EventCountry "CAN"]

1. e4 c5 2. Nf3 d6 3. d4 cxd4 4. Nxd4 Nf6 5. Nc3 g6 6. Be3 Bg7 7. f3 Nc6 8. Qd2
Bd7 9. g4 h5 10. g5 Nh7 11. f4 Rc8 12. O-O-O Qa5 13. Kb1 Bg4 14. Re1 Nf8 15. f5
Qe5 16. f6 exf6 17. Ndb5 Rd8 18. Bf4 Qc5 19. Nxd6+ Rxd6 20. Bxd6 Qd4 21. Qxd4
Nxd4 22. gxf6 Bxf6 23. Nd5 Bg5 24. Be5 Nf3 25. Bb5+ Bd7 26. Bxd7+ Nxd7 27. Bxh8
Nxe1 28. Rxe1 1-0

[Event "CAN-op"]
[Site "Edmonton CAN"]
[Date "2005.07.09"]
[Round "1.41"]
[White "Miller, Mike"]
[Black "Panjwani, Raja"]
[Result "0-1"]
[WhiteElo "1661"]
[BlackElo "2212"]
[PlyCount "86"]
[EventDate "2005.07.09"]
[EventType "swiss"]
[EventRounds "10"]
[EventCountry "CAN"]

1. d4 Nf6 2. c4 g6 3. Nc3 Bg7 4. e4 d6 5. Nf3 O-O 6. Be2 e5 7. O-O exd4 8. Nxd4
Re8 9. f3 Nc6 10. Nxc6 bxc6 11. Bg5 h6 12. Bh4 g5 13. Bf2 Qe7 14. Qc2 Nd7 15.
Rad1 f5 16. Bd4 f4 17. Bxg7 Qxg7 18. Qd2 a5 19. Na4 Qe5 20. Rfe1 c5 21. Qd5+
Qxd5 22. exd5 Ne5 23. b3 Bf5 24. Nb2 Re7 25. Bd3 Rae8 26. Bxf5 Nxf3+ 27. Kf2
Nxe1 28. Be6+ Rxe6 29. dxe6 Nc2 30. Na4 Rxe6 31. Nc3 Ne3 32. Rc1 Kg7 33. h3 Kg6
34. Nb5 Re7 35. Na7 g4 36. Nc6 Re8 37. h4 Kf5 38. Nxa5 g3+ 39. Kg1 Nc2 40. Kf1
Nd4 41. Re1 Rxe1+ 42. Kxe1 f3 43. gxf3 Kf4 0-1

[Event "CAN-op"]
[Site "Edmonton CAN"]
[Date "2005.07.10"]
[Round "2.40"]
[White "Panjwani, Raja"]
[Black "Gonzalez, Ivan"]
[Result "1-0"]
[WhiteElo "2212"]
[BlackElo "1839"]
[PlyCount "77"]
[EventDate "2005.07.09"]
[EventType "swiss"]
[EventRounds "10"]
[EventCountry "CAN"]

1. e4 e6 2. d4 d5 3. Nc3 Bb4 4. exd5 exd5 5. Bd3 Nf6 6. Bg5 Be6 7. Nge2 O-O 8.
h3 h6 9. Bh4 Re8 10. Qd2 Nbd7 11. O-O-O c5 12. dxc5 Qa5 13. a3 Bxc5 14. Nb5 Qb6
15. Nbd4 Rac8 16. g4 Bf8 17. g5 hxg5 18. Bxg5 Nh7 19. Rdg1 Nc5 20. Bh6 Bd7 21.
Kb1 Nxd3 22. cxd3 Kh8 23. Be3 Bxa3 24. Nf5 Qxb2+ 25. Qxb2 Bxb2 26. Nd6 Be5 27.
Bd4 f6 28. Nxc8 Rxc8 29. Bxa7 Bf5 30. Rd1 Nf8 31. f4 Bd6 32. Nd4 Bd7 33. Rc1
Bxf4 34. Rxc8 Bxc8 35. Re1 Bd6 36. Bb8 Bb4 37. Rc1 Bd7 38. Kb2 Kg8 39. Kb3 1-0

[Event "CAN-op"]
[Site "Edmonton CAN"]
[Date "2005.07.10"]
[Round "3"]
[White "Kunte, Abhijit"]
[Black "Panjwani, Raja"]
[Result "1-0"]
[WhiteElo "2561"]
[BlackElo "2163"]
[PlyCount "89"]
[EventDate "2005.07.09"]
[EventType "swiss"]
[EventRounds "10"]
[EventCountry "CAN"]
[Source "Mark Crowther"]
[SourceDate "2005.07.16"]

1. d4 Nf6 2. c4 g6 3. Nf3 Bg7 4. g3 O-O 5. Bg2 c6 6. O-O d6 7. Nc3 Qb6 8. h3
Qa6 9. Nd2 e5 10. d5 cxd5 11. cxd5 b5 12. b4 Bd7 13. Bb2 Qc8 14. Rc1 Qe8 15.
Nb3 Na6 16. a3 Nh5 17. Na5 f5 18. e3 Bh6 19. Qe2 Rf7 20. Kh2 Qf8 21. Nc6 Nc7
22. Nxb5 Nxb5 23. Qxb5 f4 24. exf4 exf4 25. Rce1 f3 26. Bh1 Re8 27. Qd3 Re2 28.
Rxe2 fxe2 29. Qxe2 Nxg3 30. fxg3 Rxf1 31. Ne7+ Kf7 32. Qxf1+ Kxe7 33. Qe2+ Kd8
34. Bd4 Qf5 35. Bg2 Bf4 36. Bxa7 Be5 37. Bb6+ Ke7 38. Bd4 Bb5 39. Qe3 Kf6 40.
Bxe5+ Qxe5 41. Qf4+ Qxf4 42. gxf4 Kf5 43. Kg3 Bc4 44. a4 Bb3 45. b5 1-0

[Event "CAN-op"]
[Site "Edmonton CAN"]
[Date "2005.07.11"]
[Round "4"]
[White "Panjwani, Raja"]
[Black "Tot, Nandor"]
[Result "1-0"]
[WhiteElo "2212"]
[BlackElo "1924"]
[PlyCount "55"]
[EventDate "2005.07.09"]
[EventType "swiss"]
[EventRounds "10"]
[EventCountry "CAN"]

1. e4 c5 2. Nf3 d6 3. d4 cxd4 4. Nxd4 Nf6 5. Nc3 a6 6. Be2 e5 7. Nb3 b5 8. Bg5
Be7 9. a4 b4 10. Bxf6 bxc3 11. Bxe7 Qxe7 12. bxc3 O-O 13. Bc4 Qg5 14. O-O Bh3
15. Qf3 Be6 16. Qd3 Bg4 17. f3 Bh5 18. Kh1 Rd8 19. a5 Kh8 20. Ra4 Bg6 21. Rb4
f5 22. Rb6 Ra7 23. Rxd6 Rad7 24. Rxd7 Rxd7 25. Bd5 Rd6 26. c4 Be8 27. Qd2 Qh5
28. Qb4 1-0

[Event "CAN-op"]
[Site "Edmonton CAN"]
[Date "2005.07.12"]
[Round "5"]
[White "Jiang, Louie"]
[Black "Panjwani, Raja"]
[Result "0-1"]
[WhiteElo "1895"]
[BlackElo "2212"]
[PlyCount "44"]
[EventDate "2005.07.09"]
[EventType "swiss"]
[EventRounds "10"]
[EventCountry "CAN"]

1. e4 d6 2. d4 g6 3. c4 Nf6 4. Nc3 Bg7 5. f3 O-O 6. Be3 c5 7. dxc5 dxc5 8. Bxc5
Qc7 9. Be3 Rd8 10. Qc2 Be6 11. Nb5 Qe5 12. Bd3 Nc6 13. a3 Rxd3 14. Qxd3 Qxb2
15. Qb1 Qxg2 16. Nc7 Rd8 17. Nxe6 fxe6 18. Qxb7 Nxe4 19. Rc1 Bc3+ 20. Rxc3 Nxc3
21. Bd2 Rxd2 22. Qb3 Qf2# 0-1

[Event "CAN-op"]
[Site "Edmonton CAN"]
[Date "2005.07.13"]
[Round "6.14"]
[White "Panjwani, Raja"]
[Black "Roussel-Roozmon, Thomas"]
[Result "0-1"]
[WhiteElo "2212"]
[BlackElo "2417"]
[PlyCount "85"]
[EventDate "2005.07.09"]
[EventType "swiss"]
[EventRounds "10"]
[EventCountry "CAN"]

1. e4 e5 2. Nf3 Nc6 3. Bb5 Nf6 4. O-O Nxe4 5. d4 Nd6 6. dxe5 Nxb5 7. a4 Nbd4 8.
Nxd4 Nxd4 9. Qxd4 d5 10. exd6 Qxd6 11. Qe3+ Be7 12. Nc3 c6 13. b3 Qe6 14. Re1
Qxe3 15. Rxe3 Be6 16. Ba3 Bxa3 17. Rxa3 O-O-O 18. Re2 a5 19. Ra1 h6 20. Kf1 Kc7
21. Ke1 Rd4 22. Rd1 Rhd8 23. Red2 Rxd2 24. Rxd2 Rxd2 25. Kxd2 Kd6 26. Ne4+ Kd5
27. Kd3 Bf5 28. f3 b5 29. c3 g5 30. c4+ bxc4+ 31. bxc4+ Ke5 32. Ke3 Bg6 33. g3
Bxe4 34. fxe4 g4 35. Kd3 Kd6 36. Kd4 f6 37. e5+ fxe5+ 38. Ke4 Ke6 39. Ke3 Kf5
40. Kd3 c5 41. Ke3 e4 42. Kd2 Ke5 43. Kc3 0-1

[Event "CAN-op"]
[Site "Edmonton CAN"]
[Date "2005.07.14"]
[Round "7"]
[White "Mandic, Slaven"]
[Black "Panjwani, Raja"]
[Result "0-1"]
[WhiteElo "1970"]
[BlackElo "2212"]
[PlyCount "54"]
[EventDate "2005.07.09"]
[EventType "swiss"]
[EventRounds "10"]
[EventCountry "CAN"]

1. f4 g6 2. Nf3 Bg7 3. d3 d6 4. e4 c5 5. Nc3 Nc6 6. Be2 Rb8 7. a4 e6 8. O-O
Nge7 9. Qe1 f5 10. Kh1 a6 11. Bd1 O-O 12. Ng5 Nd4 13. Ne2 Nxe2 14. Qxe2 h6 15.
Nf3 b5 16. axb5 axb5 17. Qf2 fxe4 18. dxe4 Bb7 19. e5 dxe5 20. fxe5 g5 21. Qg3
Qd5 22. Be2 Rbd8 23. h4 Nf5 24. Qg4 Bxe5 25. Nxe5 Qxe5 26. Rxf5 Rxf5 27. hxg5
Rd1+ 0-1

[Event "CAN-op"]
[Site "Edmonton CAN"]
[Date "2005.07.15"]
[Round "8.17"]
[White "Panjwani, Raja"]
[Black "Huber, Greg"]
[Result "1-0"]
[WhiteElo "2212"]
[BlackElo "2310"]
[PlyCount "85"]
[EventDate "2005.07.09"]
[EventType "swiss"]
[EventRounds "10"]
[EventCountry "CAN"]

1. e4 c5 2. Nf3 e6 3. Qe2 Nf6 4. g3 Be7 5. Bg2 d5 6. d3 Nc6 7. O-O O-O 8. Re1
a6 9. Nbd2 Rb8 10. e5 Nd7 11. Nf1 b5 12. h4 Bb7 13. Bg5 b4 14. N1h2 d4 15. Ng4
Re8 16. Qd2 Nf8 17. Bh6 gxh6 18. Qxh6 Nxe5 19. Nfxe5 Bxg2 20. Qh5 Qd5 21. Qxf7+
Kh8 22. Nf6 Bxf6 23. Qxf6+ Kg8 24. Nf7 h6 25. Nxh6+ Kh7 26. Ng4 Qf3 27. Re5
Qxg4 28. Rg5 Qxg5 29. hxg5 Bd5 30. Qf7+ Kh8 31. f3 Ng6 32. Qxg6 Re7 33. Kg2 Rh7
34. Rh1 Rxh1 35. Kxh1 Bxf3+ 36. Kg1 Bd5 37. Qf6+ Kg8 38. Qg6+ Kh8 39. Qh6+ Kg8
40. Qf6 Rf8 41. Qg6+ Kh8 42. Qh6+ Kg8 43. g6 1-0

[Event "CAN-op"]
[Site "Edmonton CAN"]
[Date "2005.07.16"]
[Round "9"]
[White "Panjwani, Raja"]
[Black "Sandipan, Chanda"]
[Result "0-1"]
[WhiteElo "2212"]
[BlackElo "2600"]
[PlyCount "52"]
[EventDate "2005.07.09"]
[EventType "swiss"]
[EventRounds "10"]
[EventCountry "CAN"]

1. e4 c5 2. Nf3 d6 3. d4 cxd4 4. Nxd4 Nf6 5. Nc3 a6 6. Be2 e5 7. Nb3 Be7 8. g4
h6 9. f4 b5 10. O-O Bb7 11. Bf3 Qb6+ 12. Kh1 b4 13. Nd5 Nxd5 14. exd5 Nd7 15.
Re1 a5 16. fxe5 dxe5 17. Bf4 O-O 18. Qd3 exf4 19. Rxe7 Nf6 20. Rae1 Rad8 21.
R7e5 Nxd5 22. Bxd5 Rxd5 23. Rxd5 Rd8 24. Ree5 Bxd5+ 25. Rxd5 Qc6 26. Nxa5 Qa8
0-1

[Event "CAN-op"]
[Site "Edmonton CAN"]
[Date "2005.07.17"]
[Round "10.12"]
[White "Venkatesh, Marani Rajendran"]
[Black "Panjwani, Raja"]
[Result "1-0"]
[WhiteElo "2475"]
[BlackElo "2212"]
[PlyCount "99"]
[EventDate "2005.07.09"]
[EventType "swiss"]
[EventRounds "10"]
[EventCountry "CAN"]

1. e4 c5 2. Nf3 d6 3. Bb5+ Nc6 4. O-O Bd7 5. Re1 Nf6 6. c3 a6 7. Bf1 Bg4 8. d3
Bxf3 9. Qxf3 e5 10. Bg5 Be7 11. Nd2 O-O 12. Nc4 Ne8 13. Bxe7 Qxe7 14. a3 Nc7
15. b4 b5 16. Ne3 a5 17. Nd5 Qd8 18. Rab1 axb4 19. axb4 cxb4 20. Nxb4 Nxb4 21.
Rxb4 Ra3 22. Rc1 Ne6 23. Qe2 Qg5 24. Qe1 Nf4 25. g3 Ra2 26. Rcb1 Rd2 27. h4 Qh6
28. gxf4 Qxf4 29. Qe3 Qg4+ 30. Qg3 f5 31. Qxg4 fxg4 32. R1b2 Rfxf2 33. Rxd2
Rxd2 34. Rxb5 g3 35. Rd5 Rh2 36. Rxd6 h5 37. c4 Kf7 38. Rd7+ Kf6 39. Bg2 Rxh4
40. c5 Rf4 41. c6 Rf2 42. c7 Rc2 43. Bh3 g5 44. Rd6+ Ke7 45. Re6+ Kf7 46. Rxe5
Rxc7 47. Rxg5 h4 48. Rh5 Rc2 49. Rxh4 Rd2 50. Rf4+ 1-0

[Event "World op"]
[Site "Philadelphia USA"]
[Date "2005.06.28"]
[Round "1"]
[White "Ganguly, Surya Shekhar"]
[Black "Panjwani, Raja"]
[Result "1-0"]
[WhiteElo "2583"]
[BlackElo "2176"]
[PlyCount "77"]
[EventDate "2005.06.28"]
[EventType "swiss"]
[EventRounds "9"]
[EventCountry "USA"]
[Source "Mark Crowther"]
[SourceDate "2005.08.22"]

1. e4 c5 2. Nf3 d6 3. d4 cxd4 4. Nxd4 Nf6 5. Nc3 a6 6. Be2 e6 7. O-O Be7 8. f4
O-O 9. Be3 Nc6 10. Kh1 Bd7 11. Qe1 b5 12. a3 Nxd4 13. Bxd4 Rc8 14. Qg3 g6 15.
Rad1 Rxc3 16. Qxc3 Nxe4 17. Qe3 d5 18. Bd3 f5 19. Bxe4 fxe4 20. Be5 Qc8 21. c3
Qc5 22. Rd4 Qc6 23. Qe2 Qb6 24. Rfd1 Bc5 25. Rxe4 dxe4 26. Rxd7 Rf7 27. Rxf7
Kxf7 28. Qxe4 Be7 29. h3 Qf2 30. Qb7 Qe2 31. Kh2 Kf8 32. Qxa6 Qxb2 33. Qxe6
Qxa3 34. Qc8+ Kf7 35. Qh8 Qa6 36. Qxh7+ Ke8 37. Qg8+ Kd7 38. Qd5+ Ke8 39. Bd4
1-0